000 00919cam a2200313 a 4500
999 _c128558
_d128558
001 2446986
003 ARRUPE
005 20181114091512.0
008 881130s1988 stk b 001 0 eng
010 _a 88206601
020 _a0852245750
020 _a0852246021 (pbk.)
040 _aDLC
_cDLC
_dDLC
050 0 0 _aB825
_b.M317 1988
082 0 0 _a128/.2
_219
100 1 _aMadell, Geoffrey.
_943429
245 1 0 _aMind and materialism /
_cGeoffrey Madell.
260 _aEdinburgh :
_bUniversity Press,
_cc1988.
300 _a151 p. ;
_c23 cm.
500 _aSpine title: Mind & materialism.
500 _aIncludes index.
504 _aBibliography: p. 146-149.
650 0 _aMaterialism.
_920157
650 0 _aMind and body.
_914387
740 0 _aMind & materialism.
906 _a7
_bcbc
_corignew
_d3
_encip
_f19
_gy-gencatlg
942 _2lcc
_cMONOGRAPH